[Event "4. Torneo Grand Prix 2008/09 - Nalchik"]
[Site "Nalchik RUS"]
[Date "2009.04.15"]
[Round "1.3"]
[White "Akopian, Vladimir"]
[Black "Kasimdzhanov, Rustam"]
[Result "1/2-1/2"]
[WhiteElo "2696"]
[BlackElo "2695"]
[PlyCount "82"]
[EventDate "2009.04.15"]
[EventType "tourn"]
[EventRounds "13"]
[EventCountry "RUS"]
[EventCategory "19"]
[Source "lmi"]
[SourceDate "2009.04.15"]

1. e4 e5 2. Nf3 Nf6 3. Nxe5 d6 4. Nf3 Nxe4 5. d4 d5 6. Bd3 Nc6 7. O-O Be7 8. c4
Nb4 9. Be2 O-O 10. a3 Nc6 11. cxd5 Qxd5 12. Nc3 Nxc3 13. bxc3 Bf5 14. Re1 Rfe8
15. Bf4 Rac8 16. h3 h6 17. Nd2 Na5 18. Bf3 Qd7 19. Ne4 Rcd8 20. Ng3 Bg6 21. Bh5
Bd6 22. Bxd6 Rxe1+ 23. Qxe1 cxd6 24. Bxg6 fxg6 25. Qe4 Qf7 26. Re1 Rf8 27. Re2
Nc4 28. a4 Nb6 29. Qc2 Nd5 30. c4 Nf4 31. Re3 Rc8 32. c5 dxc5 33. dxc5 b6 34.
Ne4 bxc5 35. Rf3 Rf8 36. Nxc5 Qd5 37. Qb3 Qxb3 38. Rxb3 Rc8 39. Nd3 Nxd3 40.
Rxd3 Rc4 41. Rd6 Rxa4 1/2-1/2

[Event "4. Torneo Grand Prix 2008/09 - Nalchik"]
[Site "Nalchik RUS"]
[Date "2009.04.15"]
[Round "1.4"]
[White "Karjakin, Sergey"]
[Black "Eljanov, Pavel"]
[Result "1/2-1/2"]
[WhiteElo "2721"]
[BlackElo "2693"]
[PlyCount "89"]
[EventDate "2009.04.15"]
[EventType "tourn"]
[EventRounds "13"]
[EventCountry "RUS"]
[EventCategory "19"]
[Source "lmi"]
[SourceDate "2009.04.15"]

1. e4 e5 2. Nf3 Nc6 3. Bb5 a6 4. Ba4 Nf6 5. O-O Be7 6. Re1 b5 7. Bb3 d6 8. c3
O-O 9. h3 Bb7 10. d4 Re8 11. Nbd2 Bf8 12. Ng5 Re7 13. d5 Na5 14. Bc2 c6 15. b4
Nc4 16. Nxc4 bxc4 17. dxc6 Bxc6 18. Nf3 h6 19. Qe2 Rc8 20. Rd1 Qc7 21. a4 Qb7
22. Nd2 d5 23. Rb1 Nxe4 24. Nxe4 dxe4 25. b5 axb5 26. axb5 Bxb5 27. Bxh6 f5 28.
Ba4 Bxa4 29. Rxb7 Bxd1 30. Qb2 Bb3 31. Rxb3 cxb3 32. Qxb3+ Rf7 33. Bg5 f4 34.
Qd5 e3 35. fxe3 Rxc3 36. exf4 Rc5 37. Qe6 exf4 38. Bxf4 Rcf5 39. Bg3 Kh7 40.
Kh2 g6 41. Qc4 Bg7 42. Qh4+ Kg8 43. Qc4 Kh7 44. Qh4+ Kg8 45. Qc4 1/2-1/2

[Event "4. Torneo Grand Prix 2008/09 - Nalchik"]
[Site "Nalchik RUS"]
[Date "2009.04.15"]
[Round "1.6"]
[White "Alekseev, Evgeny"]
[Black "Svidler, Peter"]
[Result "1/2-1/2"]
[WhiteElo "2716"]
[BlackElo "2726"]
[PlyCount "73"]
[EventDate "2009.04.15"]
[EventType "tourn"]
[EventRounds "13"]
[EventCountry "RUS"]
[EventCategory "19"]
[Source "lmi"]
[SourceDate "2009.04.15"]

1. Nf3 Nf6 2. c4 c6 3. d4 d5 4. e3 a6 5. Nc3 b5 6. b3 Bg4 7. Bd2 Nbd7 8. h3
Bxf3 9. Qxf3 b4 10. Na4 e5 11. Qd1 Ne4 12. Bd3 Nxd2 13. Qxd2 exd4 14. O-O Be7
15. cxd5 cxd5 16. Bf5 Rb8 17. Qxd4 Nf6 18. Rac1 O-O 19. Rc6 Bd6 20. Rfc1 Re8
21. Qa7 g6 22. Rc8 Rxc8 23. Rxc8 Qe7 24. Qxe7 Bxe7 25. Rxe8+ Nxe8 26. Bc8 Nc7
27. Bb7 Kg7 28. Nb6 Bc5 29. Nxd5 Nxd5 30. Bxd5 f5 31. g4 f4 32. exf4 Bd6 33. f5
gxf5 34. gxf5 a5 35. Kg2 h6 36. Kf3 Be7 37. Ke4 1/2-1/2

[Event "4. Torneo Grand Prix 2008/09 - Nalchik"]
[Site "Nalchik RUS"]
[Date "2009.04.16"]
[Round "2.3"]
[White "Gelfand, Boris"]
[Black "Alekseev, Evgeny"]
[Result "1/2-1/2"]
[WhiteElo "2733"]
[BlackElo "2716"]
[PlyCount "70"]
[EventDate "2009.04.15"]
[EventType "tourn"]
[EventRounds "13"]
[EventCountry "RUS"]
[EventCategory "19"]
[Source "lmi"]
[SourceDate "2009.04.15"]

1. d4 Nf6 2. c4 e6 3. Nf3 d5 4. Nc3 Bb4 5. Bg5 Nbd7 6. e3 c5 7. Bd3 cxd4 8.
exd4 dxc4 9. Bxc4 Qc7 10. Qd3 Bxc3+ 11. bxc3 b6 12. O-O Bb7 13. Bb3 Ne4 14. d5
Ndc5 15. Qb5+ Qd7 16. Qxd7+ Kxd7 17. dxe6+ fxe6 18. Ne5+ Ke8 19. Be3 Nxb3 20.
axb3 Nxc3 21. Ra3 Rf8 22. Rfa1 Nb5 23. Ra4 Rf5 24. f4 Rd8 25. Rxa7 Nxa7 26.
Rxa7 Rxe5 27. fxe5 Rd7 28. Bxb6 Bd5 29. b4 Rxa7 30. Bxa7 Bc6 31. Kf2 h5 32. g3
g6 33. Ke3 Bd5 34. Kd4 Kd7 35. b5 Bg2 1/2-1/2

[Event "4. Torneo Grand Prix 2008/09 - Nalchik"]
[Site "Nalchik RUS"]
[Date "2009.04.18"]
[Round "4.1"]
[White "Kamsky, Gata"]
[Black "Svidler, Peter"]
[Result "1-0"]
[WhiteElo "2720"]
[BlackElo "2726"]
[PlyCount "147"]
[EventDate "2009.04.15"]
[EventType "tourn"]
[EventRounds "13"]
[EventCountry "RUS"]
[EventCategory "19"]
[Source "lmi"]
[SourceDate "2009.04.15"]

1. e4 e5 2. Nf3 Nc6 3. Bb5 a6 4. Ba4 Nf6 5. O-O Be7 6. Re1 b5 7. Bb3 d6 8. c3
O-O 9. d4 Bg4 10. d5 Na5 11. Bc2 Qc8 12. h3 Bd7 13. Nbd2 c6 14. dxc6 Qxc6 15.
Nf1 Nc4 16. Ng3 Rfe8 17. a4 h6 18. b3 Na5 19. Bd2 Qc7 20. axb5 axb5 21. Nh4 Nc6
22. Nhf5 Rxa1 23. Qxa1 Bf8 24. Bd3 Nd8 25. c4 Ne6 26. cxb5 Nc5 27. Bc4 Bxf5 28.
Nxf5 Ncxe4 29. Bb4 Qb6 30. Ne3 d5 31. Ba5 Qc5 32. b4 Qa7 33. b6 Qb7 34. Bb5 Re6
35. Rc1 Rxb6 36. Bxb6 Qxb6 37. Qa5 Qb8 38. Bd3 Qxb4 39. Qxb4 Bxb4 40. Rc8+ Bf8
41. Nxd5 Nxd5 42. Bxe4 Ne7 43. Rc5 f6 44. Bc2 g6 45. Kf1 h5 46. Rc7 f5 47. Ke2
Kf7 48. Rb7 Bh6 49. Bb3+ Kf8 50. Kd3 h4 51. f3 Bf4 52. Kc4 e4 53. fxe4 fxe4 54.
Kc3 Be5+ 55. Kd2 Bf4+ 56. Ke2 Nf5 57. Bd5 Ng3+ 58. Kd1 g5 59. Rb6 Ke7 60. Rb4
e3 61. Bf3 Kd6 62. Rb5 Ke6 63. Ra5 Kf6 64. Bg4 Ne4 65. Ke2 Nd6 66. Kd3 Ke7 67.
Kd4 Kf6 68. Kd5 Ke7 69. Ra7+ Kf6 70. Ra6 Ke7 71. Ra7+ Kf6 72. Bh5 Be5 73. Ra6
Kf5 74. Bg4+ 1-0

[Event "4. Torneo Grand Prix 2008/09 - Nalchik"]
[Site "Nalchik RUS"]
[Date "2009.04.18"]
[Round "4.4"]
[White "Kasimdzhanov, Rustam"]
[Black "Alekseev, Evgeny"]
[Result "1/2-1/2"]
[WhiteElo "2695"]
[BlackElo "2716"]
[PlyCount "158"]
[EventDate "2009.04.15"]
[EventType "tourn"]
[EventRounds "13"]
[EventCountry "RUS"]
[EventCategory "19"]
[Source "lmi"]
[SourceDate "2009.04.15"]

1. e4 e5 2. Nf3 Nc6 3. Bb5 Nf6 4. d3 Bc5 5. Bxc6 dxc6 6. h3 Bd6 7. Nbd2 c5 8.
Nc4 Qe7 9. b3 O-O 10. Bb2 Nd7 11. O-O b6 12. Nh2 Bb7 13. Ng4 Qe6 14. Qd2 f6 15.
Rae1 Rae8 16. Nge3 Rf7 17. Nf5 Bf8 18. f4 b5 19. Nce3 g6 20. fxe5 Nxe5 21. Nh4
Bd6 22. Nf3 h5 23. c4 c6 24. g4 Bc8 25. Bxe5 Bxe5 26. Qg2 Kh8 27. cxb5 cxb5 28.
Nd5 hxg4 29. hxg4 Qxg4 30. Qxg4 Bxg4 31. Nxe5 Rxe5 32. Rxf6 Be6 33. Rxf7 Bxf7
34. Rc1 c4 35. bxc4 bxc4 36. Rxc4 Bxd5 37. Rc5 Kg7 38. Kf2 Kf6 39. exd5 Ke7 40.
Ra5 Kd6 41. Rxa7 Rxd5 42. Ra6+ Kc7 43. Ke3 g5 44. Ra4 Rd8 45. Rc4+ Kb6 46. a4
Rf8 47. Rb4+ Kc6 48. Rc4+ Kb6 49. Rb4+ Kc6 50. Re4 Rf5 51. Kd4 Rd5+ 52. Kc3 Rf5
53. Rg4 Rd5 54. Kd2 Re5 55. Re4 Ra5 56. Ke3 Rf5 57. Rc4+ Kd6 58. Rb4 Kc6 59.
Rc4+ Kd6 60. Rb4 Kc6 61. Re4 Kd6 62. Kd4 Kc6 63. Re6+ Kd7 64. Re5 Rf4+ 65. Re4
Rf5 66. Kc4 Kc6 67. d4 Ra5 68. Kb4 Rd5 69. a5 Kb7 70. Re7+ Kb8 71. Re4 Kb7 72.
a6+ Kxa6 73. Kc4 Ra5 74. Re5 g4 75. Rxa5+ Kxa5 76. Kd3 Kb5 77. Ke4 g3 78. Kf3
Kc4 79. Kxg3 Kxd4 1/2-1/2

[Event "4. Torneo Grand Prix 2008/09 - Nalchik"]
[Site "Nalchik RUS"]
[Date "2009.04.19"]
[Round "5.4"]
[White "Alekseev, Evgeny"]
[Black "Aronian, Levon"]
[Result "1/2-1/2"]
[WhiteElo "2716"]
[BlackElo "2754"]
[PlyCount "75"]
[EventDate "2009.04.15"]
[EventType "tourn"]
[EventRounds "13"]
[EventCountry "RUS"]
[EventCategory "19"]
[Source "lmi"]
[SourceDate "2009.04.15"]

1. e4 e5 2. Nf3 Nc6 3. Bb5 a6 4. Ba4 Nf6 5. O-O Be7 6. Re1 b5 7. Bb3 O-O 8. c3
d5 9. exd5 Nxd5 10. Nxe5 Nxe5 11. Rxe5 c6 12. d4 Bd6 13. Re1 Qh4 14. g3 Qh3 15.
Qe2 Bd7 16. Qf1 Qf5 17. Be3 Rae8 18. Nd2 h5 19. Qg2 h4 20. Qf3 Nxe3 21. Rxe3
Rxe3 22. fxe3 Qg6 23. Kg2 Bg4 24. Qf2 c5 25. Rc1 Bf5 26. e4 Bxe4+ 27. Nxe4
Qxe4+ 28. Qf3 Qxf3+ 29. Kxf3 hxg3 30. hxg3 Re8 31. Rd1 c4 32. Bc2 Re6 33. Rd2
Kf8 34. g4 Rf6+ 35. Ke4 Re6+ 36. Kf3 Rf6+ 37. Ke4 Re6+ 38. Kf3 1/2-1/2

[Event "4. Torneo Grand Prix 2008/09 - Nalchik"]
[Site "Nalchik RUS"]
[Date "2009.04.19"]
[Round "5.7"]
[White "Svidler, Peter"]
[Black "Gelfand, Boris"]
[Result "1/2-1/2"]
[WhiteElo "2726"]
[BlackElo "2733"]
[PlyCount "97"]
[EventDate "2009.04.15"]
[EventType "tourn"]
[EventRounds "13"]
[EventCountry "RUS"]
[EventCategory "19"]
[Source "lmi"]
[SourceDate "2009.04.15"]

1. d4 Nf6 2. c4 e6 3. Nf3 d5 4. Nc3 c6 5. Bg5 h6 6. Bxf6 Qxf6 7. e3 Nd7 8. Bd3
dxc4 9. Bxc4 g6 10. O-O Bg7 11. Rc1 O-O 12. Bb3 Qe7 13. Na4 e5 14. d5 e4 15.
Nd4 cxd5 16. Nc3 Nf6 17. Nxd5 Nxd5 18. Bxd5 Bh3 19. Bxe4 Qxe4 20. gxh3 Rad8 21.
Rc4 Rfe8 22. Qg4 Qd5 23. b3 b5 24. Rc7 Re4 25. Qg2 Bxd4 26. exd4 Qxd4 27. Qf3
Rf4 28. Qc3 Qxc3 29. Rxc3 Rd5 30. Re3 Rd2 31. a3 Ra2 32. b4 h5 33. f3 Rf5 34.
h4 Rf4 35. Rf2 Ra1+ 36. Rf1 Rxf1+ 37. Kxf1 Rxh4 38. Re8+ Kg7 39. Kg2 Rd4 40.
Rb8 Rd5 41. Rb7 a6 42. Rb6 Rg5+ 43. Kf2 h4 44. Rxa6 h3 45. f4 Rg2+ 46. Kf3 Rxh2
47. Kg3 Rb2 48. Kxh3 Rb3+ 49. Kg2 1/2-1/2

[Event "4. Torneo Grand Prix 2008/09 - Nalchik"]
[Site "Nalchik RUS"]
[Date "2009.04.21"]
[Round "6.2"]
[White "Eljanov, Pavel"]
[Black "Svidler, Peter"]
[Result "0-1"]
[WhiteElo "2693"]
[BlackElo "2726"]
[PlyCount "146"]
[EventDate "2009.04.15"]
[EventType "tourn"]
[EventRounds "13"]
[EventCountry "RUS"]
[EventCategory "19"]
[Source "lmi"]
[SourceDate "2009.04.15"]

1. d4 Nf6 2. c4 g6 3. Nc3 d5 4. Nf3 Bg7 5. Bg5 Ne4 6. Bf4 Nxc3 7. bxc3 c5 8. e3
O-O 9. cxd5 cxd4 10. cxd4 Qxd5 11. Be2 Nc6 12. O-O Bf5 13. Qa4 Rac8 14. Rac1
Qa5 15. Qxa5 Nxa5 16. Nd2 Nc6 17. g4 Be6 18. a3 Rfd8 19. Bf3 Bd5 20. Bxd5 Rxd5
21. Ne4 Bxd4 22. Rcd1 Rcd8 23. exd4 Rxd4 24. Rxd4 Rxd4 25. f3 f5 26. gxf5 gxf5
27. Be3 Rd3 28. Bh6 fxe4 29. fxe4 Rd8 30. Rf5 Nd4 31. Rg5+ Kf7 32. Rg7+ Kf6 33.
Kf2 Nc6 34. h4 Rd2+ 35. Kg3 Rd3+ 36. Kg2 Rxa3 37. Rxh7 Kg6 38. Rh8 Ra4 39. Bf4
Rxe4 40. Kf3 Rc4 41. h5+ Kg7 42. Ra8 a5 43. Bd2 a4 44. Ke2 b5 45. Ra6 Nd4+ 46.
Kd1 Rc5 47. h6+ Kh7 48. Ra7 Nf5 49. Ra6 Rd5 50. Kc1 Rd6 51. Ra7 Rd3 52. Rb7 a3
53. Ra7 Rb3 54. Ra6 Nd4 55. Ra7 Nc6 56. Ra8 b4 57. Ra6 Rh3 58. Rxc6 Rh1+ 59.
Kc2 a2 60. Ra6 a1=Q 61. Rxa1 Rxa1 62. Bxb4 Ra7 63. Bd2 Ra3 64. Kd1 Rh3 65. Ke2
Kg6 66. Bc1 Kf5 67. Kf2 e5 68. Be3 Kg4 69. Ke2 Rh2+ 70. Kd3 Kf3 71. Bg5 Rh1 72.
Kc4 e4 73. Kd4 Rg1 0-1

[Event "4. Torneo Grand Prix 2008/09 - Nalchik"]
[Site "Nalchik RUS"]
[Date "2009.04.22"]
[Round "7.2"]
[White "Grischuk, Alexander"]
[Black "Akopian, Vladimir"]
[Result "1/2-1/2"]
[WhiteElo "2748"]
[BlackElo "2696"]
[PlyCount "85"]
[EventDate "2009.04.15"]
[EventType "tourn"]
[EventRounds "13"]
[EventCountry "RUS"]
[EventCategory "19"]
[Source "lmi"]
[SourceDate "2009.04.15"]

1. d4 d5 2. c4 c6 3. Nf3 Nf6 4. Nc3 dxc4 5. a4 Bf5 6. Ne5 Nbd7 7. Nxc4 Qc7 8.
g3 e5 9. dxe5 Nxe5 10. Bf4 Nfd7 11. Bg2 g5 12. Bxe5 Nxe5 13. Qd4 f6 14. Ne3 Bg6
15. O-O-O Qb6 16. Ne4 Be7 17. Nd6+ Bxd6 18. Qxd6 Kf7 19. h4 gxh4 20. gxh4 Rhd8
21. Qa3 h5 22. Bh3 a5 23. Rhg1 Qb4 24. Qxb4 axb4 25. f4 Ng4 26. Rxd8 Rxd8 27.
Nxg4 hxg4 28. Bxg4 Be4 29. e3 Rd5 30. Bd1 Rc5+ 31. Kd2 Rd5+ 32. Ke1 Kf8 33. Bb3
Rh5 34. Rg8+ Ke7 35. Rg7+ Kd6 36. Rxb7 c5 37. Rb6+ Kc7 38. Re6 f5 39. Re5 Kd6
40. Re6+ Kd7 41. Re5 Kd6 42. Re6+ Kd7 43. Re5 1/2-1/2

[Event "4. Torneo Grand Prix 2008/09 - Nalchik"]
[Site "Nalchik RUS"]
[Date "2009.04.22"]
[Round "7.4"]
[White "Ivanchuk, Vassily"]
[Black "Leko, Peter"]
[Result "1/2-1/2"]
[WhiteElo "2746"]
[BlackElo "2751"]
[PlyCount "110"]
[EventDate "2009.04.15"]
[EventType "tourn"]
[EventRounds "13"]
[EventCountry "RUS"]
[EventCategory "19"]
[Source "lmi"]
[SourceDate "2009.04.15"]

1. e4 e5 2. Nf3 Nc6 3. Bb5 a6 4. Ba4 Nf6 5. d3 Bc5 6. Bxc6 dxc6 7. Bg5 Qd6 8.
Nbd2 Nd7 9. Nc4 Qe6 10. O-O O-O 11. h3 Re8 12. b3 Nf8 13. Be3 Bd6 14. a4 a5 15.
Qd2 Bb4 16. c3 Bd6 17. b4 axb4 18. cxb4 Qe7 19. b5 cxb5 20. axb5 Bd7 21. Qb2 f6
22. b6 Be6 23. Rxa8 Rxa8 24. bxc7 Bxc7 25. Qxb7 Rd8 26. Rc1 Rd7 27. Ne1 Ba5 28.
Qb1 Bxe1 29. Rxe1 Qd8 30. Bb6 Qb8 31. Qc2 Ng6 32. Ra1 h6 33. Be3 Kh7 34. Nb6
Rd8 35. Ra3 Qd6 36. Rc3 Bf7 37. Na4 Ra8 38. Rc7 Bb3 39. Rxg7+ Kxg7 40. Qxb3 Rb8
41. Qc4 Nf4 42. Nc5 Rc8 43. Kh2 Rc6 44. Qb5 Ne6 45. Nxe6+ Qxe6 46. f4 Rd6 47.
Bc5 Qd7 48. Qb8 Rxd3 49. fxe5 fxe5 50. Qxe5+ Kh7 51. Bb4 Qg7 52. Qf4 Qg5 53.
Qb8 Qg8 54. Qf4 Qg5 55. Qb8 Qg8 1/2-1/2

[Event "4. Torneo Grand Prix 2008/09 - Nalchik"]
[Site "Nalchik RUS"]
[Date "2009.04.22"]
[Round "7.6"]
[White "Svidler, Peter"]
[Black "Kasimdzhanov, Rustam"]
[Result "1/2-1/2"]
[WhiteElo "2726"]
[BlackElo "2695"]
[PlyCount "44"]
[EventDate "2009.04.15"]
[EventType "tourn"]
[EventRounds "13"]
[EventCountry "RUS"]
[EventCategory "19"]
[Source "lmi"]
[SourceDate "2009.04.15"]

1. e4 e5 2. Nf3 Nf6 3. d4 Nxe4 4. dxe5 d5 5. Nbd2 Nxd2 6. Bxd2 c5 7. Bg5 Qa5+
8. c3 Be6 9. Bd3 Nc6 10. O-O h6 11. Bh4 Qc7 12. Rc1 Be7 13. Bg3 Qd7 14. b4 cxb4
15. cxb4 Nxb4 16. Nd4 Nxd3 17. Qxd3 O-O 18. f4 f5 19. Bf2 Rac8 20. Rcd1 Rcd8
21. Rc1 Rc8 22. Rcd1 Rcd8 1/2-1/2

[Event "4. Torneo Grand Prix 2008/09 - Nalchik"]
[Site "Nalchik RUS"]
[Date "2009.04.22"]
[Round "7.7"]
[White "Gelfand, Boris"]
[Black "Eljanov, Pavel"]
[Result "0-1"]
[WhiteElo "2733"]
[BlackElo "2693"]
[PlyCount "72"]
[EventDate "2009.04.15"]
[EventType "tourn"]
[EventRounds "13"]
[EventCountry "RUS"]
[EventCategory "19"]
[Source "lmi"]
[SourceDate "2009.04.15"]

1. Nf3 Nf6 2. c4 e6 3. g3 d5 4. b3 c5 5. Bg2 Nc6 6. cxd5 exd5 7. O-O Bg4 8. h3
Bxf3 9. Bxf3 Bd6 10. Nc3 Be5 11. Ba3 Qa5 12. Bb2 O-O 13. Bg2 Rac8 14. Rc1 Qa6
15. a4 Rfe8 16. Ba3 Bxc3 17. dxc3 Na5 18. Re1 c4 19. bxc4 Nxc4 20. Ra1 Qe6 21.
Bc1 b6 22. Qd4 Na5 23. Qd3 Ne4 24. Bb2 Nc4 25. Bc1 Ne5 26. Qa6 h5 27. Be3 h4
28. g4 Rxc3 29. Bd4 Rc4 30. Bxe5 Qxe5 31. Qxa7 Nxf2 32. Kxf2 Qg3+ 33. Kf1 Rf4+
34. Bf3 Qxh3+ 35. Kg1 Qg3+ 36. Kh1 Rxf3 0-1

[Event "4. Torneo Grand Prix 2008/09 - Nalchik"]
[Site "Nalchik RUS"]
[Date "2009.04.23"]
[Round "8.6"]
[White "Akopian, Vladimir"]
[Black "Alekseev, Evgeny"]
[Result "1/2-1/2"]
[WhiteElo "2696"]
[BlackElo "2716"]
[PlyCount "99"]
[EventDate "2009.04.15"]
[EventType "tourn"]
[EventRounds "13"]
[EventCountry "RUS"]
[EventCategory "19"]
[Source "lmi"]
[SourceDate "2009.04.15"]

1. Nf3 d5 2. d4 Nf6 3. c4 e6 4. Nc3 Bb4 5. cxd5 exd5 6. Bg5 Nbd7 7. Qa4 c5 8.
dxc5 Bxc3+ 9. bxc3 O-O 10. Qb4 h6 11. Bh4 Re8 12. e3 Re4 13. Qa3 Qe7 14. Bb5
Nxc5 15. O-O g5 16. Bg3 Bd7 17. Bxd7 Nfxd7 18. Nd4 Qf6 19. c4 dxc4 20. Rac1 h5
21. f3 Ree8 22. Rxc4 h4 23. Bf2 b6 24. e4 Ne5 25. Rc3 Rad8 26. Nf5 Ned3 27. Be3
Rd7 28. Rc2 Kh7 29. Rd2 Red8 30. Rfd1 a5 31. h3 Kg6 32. Bxc5 Nxc5 33. Rxd7 Rxd7
34. Rxd7 Nxd7 35. Qc1 Nc5 36. Qd1 Qe5 37. Qb1 Nd7 38. a4 Qc5+ 39. Kh2 Qc7+ 40.
Kh1 Qe5 41. Ne3 Kg7 42. Qc1 Qc5 43. Qd2 Nf6 44. Nf5+ Kg6 45. Qd8 Qc1+ 46. Kh2
Qf4+ 47. Kg1 Qc1+ 48. Kh2 Qf4+ 49. Kh1 Qc1+ 50. Kh2 1/2-1/2

[Event "4. Torneo Grand Prix 2008/09 - Nalchik"]
[Site "Nalchik RUS"]
[Date "2009.04.24"]
[Round "9.1"]
[White "Grischuk, Alexander"]
[Black "Kamsky, Gata"]
[Result "0-1"]
[WhiteElo "2748"]
[BlackElo "2720"]
[PlyCount "202"]
[EventDate "2009.04.15"]
[EventType "tourn"]
[EventRounds "13"]
[EventCountry "RUS"]
[EventCategory "19"]
[Source "lmi"]
[SourceDate "2009.04.15"]

1. e4 e5 2. Nf3 Nc6 3. Bb5 a6 4. Ba4 Nf6 5. O-O Be7 6. Re1 b5 7. Bb3 d6 8. c3
O-O 9. h3 Nb8 10. d4 Nbd7 11. Nbd2 Bb7 12. Bc2 Re8 13. Nf1 Bf8 14. Ng3 g6 15.
a4 c5 16. d5 c4 17. Bg5 h6 18. Be3 Nc5 19. Qd2 h5 20. Bxc5 dxc5 21. Bd1 Rb8 22.
Qe3 Kh7 23. Nf1 Qc7 24. Ng5+ Kg8 25. Be2 Bc8 26. Ra2 Qb6 27. Nf3 Kh7 28. Ng5+
Kg8 29. axb5 axb5 30. Nd2 Bh6 31. Qg3 Nh7 32. Ndf3 Qf6 33. h4 Nf8 34. Ra7 Bd7
35. Rea1 Qd6 36. R7a6 Qe7 37. Ra7 Qd6 38. R7a6 Qe7 39. Nh2 Bc8 40. Ra7 Rb7 41.
Ra8 Nd7 42. Nf1 Nb6 43. R8a5 Bd7 44. Ne3 Qf6 45. Ra7 Reb8 46. R1a6 Be8 47. Rxb7
Rxb7 48. Bxh5 gxh5 49. Nf5 Bg7 50. d6 Nd7 51. Qf3 Bf8 52. Qxh5 Qg6 53. Qg4 f6
54. Ne7+ Bxe7 55. dxe7 Rb6 56. Rxb6 Nxb6 57. Qe6+ Kg7 58. Nf3 Na4 59. h5 Qxh5
60. g4 Qh3 61. Nxe5 Nxb2 62. Qc8 Qh8 63. Nd7 Nd3 64. Nf8 Qh4 65. Qxe8 Qxf2+ 66.
Kh1 Qh4+ 67. Kg2 Qxg4+ 68. Kh2 Ne5 69. Kh1 Nf3 70. Ne6+ Qxe6 71. Qf8+ Kh7 72.
Kg2 Nh4+ 73. Kf2 Ng6 74. e8=Q Nxf8 75. Qxf8 b4 76. Qxc5 b3 77. Qc7+ Kg6 78.
Qg3+ Kh5 79. Kf3 Qd7 80. Qg8 Qd3+ 81. Kf4 Qd2+ 82. Kf3 Qxc3+ 83. Kf4 Qc1+ 84.
Kf3 Qf1+ 85. Ke3 Kh4 86. Kd4 Qd3+ 87. Kc5 Qxe4 88. Qh8+ Kg5 89. Qg7+ Qg6 90.
Qb7 Qd3 91. Qg2+ Kf5 92. Qf2+ Ke6 93. Qg2 f5 94. Qg7 f4 95. Qg8+ Kf5 96. Qc8+
Kg5 97. Qg8+ Kh4 98. Qg2 f3 99. Qh2+ Kg4 100. Qg1+ Kf4 101. Qh2+ Ke3 0-1

[Event "4. Torneo Grand Prix 2008/09 - Nalchik"]
[Site "Nalchik RUS"]
[Date "2009.04.24"]
[Round "9.5"]
[White "Svidler, Peter"]
[Black "Leko, Peter"]
[Result "1/2-1/2"]
[WhiteElo "2726"]
[BlackElo "2751"]
[PlyCount "63"]
[EventDate "2009.04.15"]
[EventType "tourn"]
[EventRounds "13"]
[EventCountry "RUS"]
[EventCategory "19"]
[Source "lmi"]
[SourceDate "2009.04.15"]

1. e4 e5 2. Nf3 Nc6 3. Bb5 a6 4. Ba4 Nf6 5. O-O Be7 6. Re1 b5 7. Bb3 O-O 8. h3
Bb7 9. d3 d5 10. exd5 Nxd5 11. Nxe5 Nd4 12. Nd2 c5 13. c3 Nxb3 14. Nxb3 Re8 15.
Qh5 Rf8 16. d4 c4 17. Nc5 Bxc5 18. dxc5 Qc7 19. Bd2 Rae8 20. Ng4 Qc6 21. Ne5
Qc7 22. Nf3 Rxe1+ 23. Rxe1 Qxc5 24. Nd4 Kh8 25. Bf4 Qc8 26. Be5 Qd7 27. Nf5 f6
28. Bg3 Bc6 29. Nd4 Re8 30. Rxe8+ Qxe8 31. Qxe8+ Bxe8 32. Ne6 1/2-1/2